00433nam a2200169Ia 450000500170000000800410001702000090005804000190006704100120008608200160009810000150011424500550012926000400018430000100022465000190023485000100025320230221143531.0131103s9999 xx 000 0 und d cRs.5 aLoreto College aEnglish a821(I)bTEJ aTejani R B 4aThe rape of literature and other poemscR D Tejani aDelhibFalcon Poetry Societryc1969 a39p.  aEnglish poetry aLCLIB